000 01225cam a22003737a 4500
003 CHAP
005 20220329142755.0
008 030826d1997 mx b r 00110 spa d
010 _a87600
011 _a88572
020 _a9682313155
035 _a99117
040 _cCHAP
082 0 4 _a920.72
_bB8 1997
100 0 0 _aBurgos, Elizabeth.
_916178
245 1 0 _aMe llamo Rigoberta Menchú y así me nació la conciencia
_c/por Elizabeth Burgos
250 _a14 ed.
260 _aMéxico, D. F. :
_bSiglo Veintiuno,
_c1997
300 _a287 p. :
_bmapa
590 _aBATCH-UPD
_b10
_c20130110
_lUCH01
_h0357
590 _aBATCH-UPD
_b10
_c20130410
_lUCH01
_h0030
590 _aBATCH-UPD
_b10
_c20130914
_lUCH01
_h0630
590 _aCONVERSION
_b10
_c20130109
_lUCH01
_h1349
650 1 4 _aBiografía.
_912746
650 1 4 _aIndios de Guatemala.
_957609
650 1 4 _aIndios
_xCultura.
_957576
650 1 4 _aMenchú, Rigoberta.
_974555
650 1 4 _aVida.
_9119146
901 _aBK
905 _aMarco A. Mendoza T.
942 _cLIBRO
949 _a920.72 B8 1997
_bBC
_cLIBRO
_d33724000873436
_eLIBRO
_fc.2
_gDonaciØn
_h103856
_i99117
_si
949 _a920.72 B8 1997
_bBC
_cLIBRO
_d33724000896304
_eLIBRO
_gDonaciØn
_h103843
_i99117
_si
999 _c87600
_d87600